| 000 | 00867nam a22002657a 4500 | ||
|---|---|---|---|
| 001 | sjds | ||
| 003 | sjds | ||
| 005 | 20220831103443.0 | ||
| 008 | 220831b ag ||||| |||| 00| 0 spa d | ||
| 020 | _a9789501110272 | ||
| 020 | _a9501110273 | ||
| 040 | _csjds | ||
| 041 | _aspa | ||
| 100 | 1 | 0 | _aBryan, Jenny. |
| 245 | 1 | 3 |
_aEl milagro del nacimiento / _ctextos: Jenny Bryan ; illustrciones: Graeme Chambers y Keigh Fowles ; traduccion: Edith Talamo |
| 246 | _aUna original ventana transparente para ver el milagro del nacimiento | ||
| 246 | _aEl milagro del nacimiento | ||
| 260 |
_aBuenos Aires, _bSigmar, _cc1994 |
||
| 300 |
_a17 p. : _bcol. ill. ; _c 29 cm. |
||
| 500 | _aCover title. At head of title: Una original ventana transparente para ver. | ||
| 700 | 1 | 0 | _aChambers, Graeme |
| 700 | 1 | 0 | _aFowles, Keith. |
| 700 | 1 | 0 | _aTalamo, Edith |
| 942 | _cBK | ||
| 999 |
_c27431 _d27431 |
||